History of the College of Physicians and Surgeons in the City of New York (Record no. 50622)
[ view plain ]
| 000 -LEADER | |
|---|---|
| fixed length control field | 01231cam a2200325 a 4500 |
| 001 - CONTROL NUMBER | |
| control field | 50622 |
| 003 - CONTROL NUMBER IDENTIFIER | |
| rucl marc code | BD-RjUL |
| 005 - DATE AND TIME OF LATEST TRANSACTION | |
| control field | 20211209075534.0 |
| 008 - FIXED-LENGTH DATA ELEMENTS--GENERAL INFORMATION | |
| fixed length control field | 160828s1888 nyuace sb 001 0 eng d |
| 035 ## - SYSTEM CONTROL NUMBER | |
| System control number | BD-RjUL50742 |
| System control number | (OCoLC)ocn259699101 |
| System control number | (NNC)10860627 |
| 040 ## - CATALOGING SOURCE | |
| Original cataloging agency | NNC |
| Transcribing agency | NNC |
| Language of cataloging | eng |
| 041 ## - LANGUAGE CODE | |
| Language code of text/sound track or separate title | eng |
| 082 ## - DEWEY DECIMAL CLASSIFICATION NUMBER | |
| Edition number | 23 |
| Classification number | 610.71141 |
| Author mark and year | DAH 1888 |
| 100 1# - MAIN ENTRY--PERSONAL NAME | |
| Personal name | Dalton, John Call, |
| Dates associated with a name | 1825-1889. |
| 9 (RLIN) | 151577 |
| 245 10 - TITLE STATEMENT | |
| Title | History of the College of Physicians and Surgeons in the City of New York |
| Remainder of title | Medical Department of Columbia College / |
| Statement of responsibility, etc. | by John C. Dalton. |
| 260 ## - PUBLICATION, DISTRIBUTION, ETC. (IMPRINT) | |
| Place of publication, distribution, etc. | New York : |
| Name of publisher, distributor, etc. | Published by order of the College, |
| Date of publication, distribution, etc. | 1888. |
| 300 ## - PHYSICAL DESCRIPTION | |
| Pagination | 208 p. : |
| Illustrations | ill. ; |
| Size | 24 cm. |
| 500 ## - GENERAL NOTE | |
| General note | Includes index. |
| 504 ## - BIBLIOGRAPHY, ETC. NOTE | |
| Bibliography, etc | Bibliography: p. [4]-5. |
| 506 0# - RESTRICTIONS ON ACCESS NOTE | |
| Terms governing access | Digital version available with no restrictions |
| Standardized terminology for access restriction | Unrestricted online access |
| Source of term | star |
| Institution to which field applies | NNC |
| 610 20 - SUBJECT ADDED ENTRY--CORPORATE NAME | |
| Corporate name or jurisdiction name as entry element | Columbia University. |
| Subordinate unit | College of Physicians and Surgeons |
| 650 #0 - SUBJECT ADDED ENTRY--TOPICAL TERM | |
| Topical term or geographic name as entry element | Medical colleges |
| Geographic subdivision | New York (State) |
| General subdivision | History. |
| 9 (RLIN) | 151579 |
| Topical term or geographic name as entry element | Schools, Medical |
| General subdivision | history. |
| 9 (RLIN) | 151580 |
| 651 #2 - SUBJECT ADDED ENTRY--GEOGRAPHIC NAME | |
| Geographic name | New York City. |
| 9 (RLIN) | 151581 |
| 776 0# - ADDITIONAL PHYSICAL FORM ENTRY | |
| Qualifying information | Original |
| Record control number | (OCoLC)1152854 |
| 856 40 - ELECTRONIC LOCATION AND ACCESS | |
| Uniform Resource Identifier | <a href="http://www.columbia.edu/cgi-bin/cul/resolve?clio10860627">http://www.columbia.edu/cgi-bin/cul/resolve?clio10860627</a> |
| 942 ## - ADDED ENTRY ELEMENTS (KOHA) | |
| Source of classification or shelving scheme | Dewey Decimal Classification |
| Koha item type | Books |
| Lost status | Source of classification or shelving scheme | Damaged status | Not for loan | Collection code | Permanent Location | Current Location | Shelving location | Date acquired | Source of acquisition | Total Checkouts | Full call number | Date last seen | Copy number | Koha item type |
|---|---|---|---|---|---|---|---|---|---|---|---|---|---|---|
| Dewey Decimal Classification | Non-fiction | Central Library, University of Rajshahi | Central Library, University of Rajshahi | 01/04/1961 | Oxford University Press | 610.71141 DAH 1888 | 28/08/2016 | C-2 | Books |